| 000 | 00819nam a2200253 i 4500 | ||
|---|---|---|---|
| 001 | 179136 | ||
| 003 | ES-MaACL | ||
| 005 | 20250818101128.0 | ||
| 008 | 110916s2002 sp aop |||| | spa d | ||
| 020 | _a84-460-1735-0 | ||
| 080 | _a232.92 | ||
| 080 | _a398.332.44 | ||
| 100 | 1 |
_aGonzález Requena, Jesús. _9147947 |
|
| 245 | 1 | 4 |
_aLos tres Reyes Magos _b: la eficacia simbólica / _cJesús González Requena. |
| 260 |
_aTres Cantos (Madrid) : _bAkal, _c[2002] |
||
| 300 |
_a157 p. : _bil. col. ; _c22 cm. |
||
| 490 | 1 |
_aLos caprichos ; _v3 |
|
| 650 | 7 |
_aReyes Magos _2embne _9147953 |
|
| 650 | 7 |
_aReyes Magos _2embne _9147953 |
|
| 830 | 0 |
_aLos caprichos ; _v3 _9224408 |
|
| 852 |
_aES-MaACL _9186008 _bR.146025 _jA-11519 _dOlim: N-4523 _cDEPO1 |
||
| 942 |
_2udc _cMONOGRAFIA |
||
| 999 |
_c179136 _d179136 |
||